000 00539nam a2200193Ia 4500
003 OSt
005 20250515164533.0
008 210210b1978 xxu||||| |||| 00| 0 eng d
040 _cAL
041 _aKannada
082 _aK894.3 INDM
100 _aINDIRA (M K)
_9129548
_dಇಂದಿರಾ (ಎಂ ಕೆ)
245 _aMuttu ondu muttu.
_bಮುತ್ತು ಒಂದು ಮುತ್ತು
260 _aBengaluru
_bPrakasha Sahitya
_c1978
300 _a194
690 _aKannada Fiction
_9129549
906 _a034448
942 _2ddc
_cBK
999 _c85208
_d85208